000 00316nam a22001337a 4500
008 171005b xxu||||| |||| 00| 0 eng d
020 _a020748488300179500000007
041 _aeng
080 _a519.9
100 _a49
101 _aPSI
245 _aEVOLUTIONARY THOUGHT IN PSYCHOLOGY
_cPLOTKIN,H
942 _2udc
_cBK
999 _c31966
_d31966